Právna úprava hypotekárneho financovania

Legislatívna úprava hypotekárneho úverovania v Slovenskej republike. Charakteristika hypotekárneho úveru. Hypotekárna banka a náležitosti vykonávania hypotekárnych obchodov.

Guardado en:
Detalles Bibliográficos
Autor principal: Čentéš, Jozef
Formato: Capítulo de libro
Lenguaje:eslovaco
Materias:
Etiquetas: Agregar Etiqueta
Sin Etiquetas, Sea el primero en etiquetar este registro!

MARC

LEADER 00000naa a2200000 4500
001 r034110
005 20230809074921.0
041 0 |a slo 
044 |a SK 
245 1 0 |a Právna úprava hypotekárneho financovania  |c Jozef Čentéš 
520 |a Legislatívna úprava hypotekárneho úverovania v Slovenskej republike. Charakteristika hypotekárneho úveru. Hypotekárna banka a náležitosti vykonávania hypotekárnych obchodov. 
610 2 0 |a úver hypotekárny 
610 2 0 |a úverovanie 
610 2 0 |a úpravy právne 
610 2 0 |a legislatíva 
610 2 0 |a Slovensko 
610 2 0 |a banky hypotekárne 
610 2 0 |a hypotéky 
610 2 0 |a registre 
100 1 |a Čentéš, Jozef